History of York - Statistics

General Stats
  • This quiz has been taken 20 times
  • The average score is 9 of 15
Answer Stats
Question Answer % Correct
What style of architecture does the above represent? Gothic
94%
What were the Castle Museum buildings formerly used as? A prison
78%
Which famous highwayman was hanged in York in 1739? Dick Turpin
78%
What was the Viking name of York? Jorvik
78%
Which famous terrorist was born in York in 1570? Guy Fawkes
72%
What is the name of the keep of the medieval Norman castle? Clifford's Tower
67%
Which is the most famous medieval street in the city? The Shambles
67%
What name beginning with M refers to the cathedral? Minster
61%
Which Quaker family founded a famous chocolate brand in York? The Rowntrees
61%
For which war was the Holgate bunker built? Cold War
56%
Which king rebuilt the above in stone in the 13th century? Henry III
56%
What was the Roman name of York? Eboracum
50%
Which York-born physician famously investigated the causes of cholera? John Snow
44%
Who was known as the "Railway King"? George Hudson
28%
What was the name of the religious plays put on by the guilds? Mystery Plays
28%
No matching quizzes found
Score Distribution
Percent of People with Each Score
Percentile by Number Answered
Your Score History
You have not taken this quiz